| 000 | 00734pam a2200229 a 4500 | ||
|---|---|---|---|
| 001 | 2455165 | ||
| 005 | 20180215085202.0 | ||
| 008 | 891122s1991 njua b 001 0 eng | ||
| 010 | _a 89049331 | ||
| 020 | _a0136842755 | ||
| 040 |
_aDLC _cDLC _dDLC |
||
| 041 | _aeng | ||
| 080 | _a320.509 BAR | ||
| 082 | 0 | 0 |
_a320.509 BAR _220 |
| 100 | 1 | _a19 | |
| 101 | _aPOL | ||
| 245 | 1 | 0 |
_aPolitical ideologies : _cLeon P. Baradat. |
| 504 | _aIncludes bibliographical references (p. 271-272) and index. | ||
| 906 |
_a7 _bcbc _corignew _d1 _eocip _f19 _gy-gencatlg |
||
| 942 |
_2ddc _cBK |
||
| 999 |
_c42684 _d42684 |
||